000 00289nam a22001337a 4500
008 171016b xxu||||| |||| 00| 0 eng d
020 _a070326797
041 _aeng
080 _22ND
_a33
100 _a52
101 _aEKO
245 _aECONOMETRIC METHODS
_cJOHNSTON,J
942 _2udc
_cBK
999 _c34021
_d34021